Văn hóa Nhật Bản và Yasunari Kawabata : Chuyên luận

Giới thiệu sơ lược về quá trình hình thành đất nước, con người và những nét đặc sắc trong văn hoá Nhật Bản. Khảo sát và đánh giá nghệ thuật kể chuyện của nhà văn Nhật bản Kawabata và phân tích một số tác phẩm của ông...

Cijeli opis

Spremljeno u:
Bibliografski detalji
Glavni autor: Đào, Thị Thu Hằng
Format: Knjiga
Jezik:Undetermined
Izdano: Hà Nội Giáo dục 2007
Teme:
Oznake: Dodaj oznaku
Bez oznaka, Budi prvi tko označuje ovaj zapis!
Thư viện lưu trữ: Trung tâm Học liệu Trường Đại học Cần Thơ
LEADER 01060nam a2200229Ia 4500
001 CTU_132961
008 210402s9999 xx 000 0 und d
020 |c 35000 
082 |a 306.0952 
082 |b H116 
100 |a Đào, Thị Thu Hằng 
245 0 |a Văn hóa Nhật Bản và Yasunari Kawabata : 
245 0 |b Chuyên luận 
245 0 |c Đào Thị Thu Hằng 
260 |a Hà Nội 
260 |b Giáo dục 
260 |c 2007 
520 |a Giới thiệu sơ lược về quá trình hình thành đất nước, con người và những nét đặc sắc trong văn hoá Nhật Bản. Khảo sát và đánh giá nghệ thuật kể chuyện của nhà văn Nhật bản Kawabata và phân tích một số tác phẩm của ông 
650 |a Japan,Japan,Nhật Bản,Nhật Bản 
650 |x Social conditions,Civilization,Hoàn cảnh xã hội,Văn Minh 
904 |i Trọng Hải 
980 |a Trung tâm Học liệu Trường Đại học Cần Thơ